| 000 | 00653nam a22001697a 4500 | ||
|---|---|---|---|
| 008 | 160625b xxu||||| |||| 00| 0 eng d | ||
| 020 | _a9780470147078 | ||
| 082 |
_22008 _aDC 005.16 _bAl1s |
||
| 100 |
_910536 _aApril, Alain |
||
| 245 |
_aSoftware maintenance management: _bevaluation and continuous improvement/ _cAlian April and Alain Abran. |
||
| 260 |
_aNew Jersey: _bJohn and wiley & Sons, Inc., _cc2008. |
||
| 300 |
_axx, 314 pages: _billustrations; _c23 cm. |
||
| 500 | _aIncludes appendices bibliographical references and index. | ||
| 650 | 0 |
_910538 _aComputer software _xMaintenance and repair |
|
| 700 |
_910539 _aAbran, Alain |
||
| 942 |
_2ddc _cDC |
||
| 999 |
_c3154 _d3154 |
||